000 00629nam a22002057a 4500
005 20250424170802.0
010 _aENG-144748
020 _a9788196848637
_c560.00
035 _aEN-128280
037 _bDBAD
082 _a480
100 _aAshok Kumar Singh
_980867
245 _aA Mirror of Competitive English:
_bBank Clerk/
_cAshok Kumar Singh
260 _aNoida
_bChronicle Publication
270 _aA-27D, Sector 16
_bNoida
_e201301
_k0120-2514610/12
_minfo@chronicleindia.in
300 _a440p.
_c28cm(pbk)
500 _a60 Practice Sets
700 _aOjha, N.N.
_977953
942 _2ddc
_cEN
_h480
_mASH
999 _c209330
_d209330